[Event "BCF-chT2 2425 (4NCL)"]
[Site "England"]
[Date "2025.02.16"]
[Round "6.38"]
[White "Taylor, William J"]
[Black "Brooks, Phil J"]
[Result "1/2-1/2"]
[WhiteElo "1985"]
[BlackElo "2115"]
[PlyCount "53"]
[EventDate "2024.11.23"]
[EventType "team-tourn"]
[EventRounds "11"]
[EventCountry "ENG"]
[SourceTitle "CB14_2025"]
[SourceDate "2024.11.01"]
[SourceVersion "1"]
[SourceVersionDate "2024.11.01"]
[SourceQuality "1"]
[WhiteTeam "The Audible Checks"]
[BlackTeam "Warwicks Select"]
[WhiteTeamCountry "ENG"]
[BlackTeamCountry "ENG"]

1. d4 d5 2. c4 c6 3. Nc3 Nf6 4. cxd5 cxd5 5. Nf3 Nc6 6. Bf4 a6 7. e3 Bf5 8. Bd3 Bxd3 9. Qxd3 e6 10. 0-0 Be7 11. h3 0-0 12. Rac1 Rc8 13. Ne5 Qa5 14. a3 Rfd8 15. Rc2 Nxe5 16. Bxe5 Rc6 17. Bxf6 Bxf6 18. Rfc1 h6 19. g3 Rdc8 20. Ne2 Rxc2 21. Rxc2 Rc7 22. Rxc7 Qxc7 23. Qc3 Bd8 24. Kf1 Qxc3 25. Nxc3 Kf8 26. Ke2 Ke7 27. Kd3 1/2-1/2

[Event "BCF-chT2 2425 (4NCL)"]
[Site "England"]
[Date "2025.02.15"]
[Round "5.48"]
[White "Latypova, Olga L"]
[Black "Taylor, William J"]
[Result "1/2-1/2"]
[WhiteElo "1811"]
[BlackElo "1985"]
[PlyCount "54"]
[EventDate "2024.11.23"]
[EventType "team-tourn"]
[EventRounds "11"]
[EventCountry "ENG"]
[SourceTitle "CB14_2025"]
[SourceDate "2024.11.01"]
[SourceVersion "1"]
[SourceVersionDate "2024.11.01"]
[SourceQuality "1"]
[WhiteTeam "Iceni"]
[BlackTeam "The Audible Checks"]
[WhiteTeamCountry "ENG"]
[BlackTeamCountry "ENG"]

1. e4 c5 2. Nf3 Nc6 3. d4 cxd4 4. Nxd4 Nf6 5. Nc3 e5 6. Ndb5 d6 7. Bg5 a6 8. Na3 b5 9. Nd5 Be7 10. Bxf6 Bxf6 11. c4 b4 12. Nc2 a5 13. Be2 0-0 14. 0-0 Bg5 15. Bg4 Bb7 16. Qd3 Nb8 17. a3 Na6 18. axb4 axb4 19. Ncxb4 Nxb4 20. Nxb4 Qb6 21. Nd5 Bxd5 22. Qxd5 Rxa1 23. Rxa1 Qxb2 24. Rd1 Be7 25. g3 Rb8 26. Qc6 Qb7 27. Bd7 g6 1/2-1/2

[Event "Kingston op 3rd"]
[Site "Kingston Upon Thames"]
[Date "2024.08.15"]
[Round "6"]
[White "Hill, Alistair"]
[Black "Taylor, William J"]
[Result "1/2-1/2"]
[WhiteElo "2089"]
[BlackElo "1967"]
[PlyCount "205"]
[EventDate "2024.08.12"]
[EventType "swiss"]
[EventRounds "9"]
[EventCountry "ENG"]
[SourceTitle "CBM 221 Extra"]
[Source "ChessBase"]
[SourceDate "2024.09.30"]
[SourceVersion "1"]
[SourceVersionDate "2024.09.30"]
[SourceQuality "1"]

1. c4 e6 2. Nc3 d5 3. d4 Nf6 4. cxd5 exd5 5. Bg5 c6 6. e3 h6 7. Bh4 Be7 8. Bd3 0-0 9. Bg3 Nbd7 10. Nf3 Nh5 11. Be5 Nxe5 12. Nxe5 Nf6 13. 0-0 Nd7 14. Nf3 Re8 15. Qc2 Bd6 16. Rab1 Qe7 17. a3 a5 18. Rfc1 Nb6 19. Na4 Nxa4 20. Qxa4 Bd7 21. Qc2 a4 22. Bf5 Bxf5 23. Qxf5 Qe4 24. Qd7 Qe7 25. Qxe7 Rxe7 26. Ne1 f6 27. Nd3 Kf7 28. Rc3 Ra7 29. g3 g5 30. Kg2 Ra8 31. Kf3 f5 32. Rg1 Kf6 33. h4 Rh8 34. Rh1 Reh7 35. Kg2 g4 36. Ra1 Ra8 37. Kf1 Ra7 38. Ke2 Rg7 39. Kd2 Rg8 40. b4 axb3 41. Rxb3 Ke6 42. Rab1 b5 43. Rc1 Kd7 44. Rcc3 Rga8 45. Kc2 Ra4 46. Kb2 R8a6 47. Nc5+ Bxc5 48. Rxc5 Kd6 49. Rc1 Rb6 50. Rcc3 Rba6 51. Kc2 Rc4 52. Kd3 Raa4 53. Kd2 Ra7 54. Rc1 Rxc1 55. Kxc1 Ra4 56. Kb2 Ra7 57. Rb4 Ra8 58. Kb3 Kc7 59. Kb2 Kb6 60. Rb3 Ra4 61. Rb4 Ra7 62. Rb3 Ra4 63. Rc3 Rc4 64. Rc2 Ka5 65. Rd2 Ka4 66. Rd1 b4 67. axb4 Rxb4+ 68. Kc2 Kb5 69. Kd2 Rb2+ 70. Ke1 Kc4 71. Kf1 Rc2 72. h5 Rb2 73. Rc1+ Kb5 74. Ra1 c5 75. dxc5 Kxc5 76. Ra8 Kd6 77. Ra6+ Ke5 78. Rxh6 d4 79. exd4+ Kxd4 80. Re6 Kd5 81. Re1 Rb6 82. Ke2 Rh6 83. Rh1 Ke4 84. Rh4 Kd5 85. Kd3 Kd6 86. Kd4 Ke6 87. Rh1 Kf6 88. Ke3 Kg5 89. Rh2 Re6+ 90. Kd4 Kh6 91. Kd3 Re1 92. Kd2 Re8 93. Rh1 Re4 94. Kd3 Re8 95. Kd2 Re4 96. Rh4 Re8 97. Rh2 Re7 98. Kd1 Re4 99. Rh1 f4 100. gxf4 Rxf4 101. Ke2 Re4+ 102. Kf1 Re5 103. Kg2 1/2-1/2

[Event "Kingston op 3rd"]
[Site "Kingston Upon Thames"]
[Date "2024.08.15"]
[Round "7"]
[White "Taylor, William J"]
[Black "Willmoth, Robert"]
[Result "1/2-1/2"]
[WhiteElo "1967"]
[BlackElo "2098"]
[PlyCount "50"]
[EventDate "2024.08.12"]
[EventType "swiss"]
[EventRounds "9"]
[EventCountry "ENG"]
[SourceTitle "CBM 221 Extra"]
[Source "ChessBase"]
[SourceDate "2024.09.30"]
[SourceVersion "1"]
[SourceVersionDate "2024.09.30"]
[SourceQuality "1"]

1. e4 d6 2. d4 Nf6 3. Nc3 c6 4. f4 Qa5 5. Bd3 e5 6. Nf3 Nbd7 7. 0-0 exd4 8. Nxd4 g6 9. Be3 Bg7 10. h3 0-0 11. Qd2 Re8 12. Rae1 Qc7 13. f5 b5 14. Bxb5 Bb7 15. Bd3 a6 16. fxg6 hxg6 17. Bh6 Qb6 18. Be3 c5 19. Nf3 Qc6 20. b3 Nb6 21. Bh6 c4 22. Bxg7 Kxg7 23. bxc4 Nxc4 24. Qf4 Qc5+ 25. Kh2 Nh5 1/2-1/2

[Event "BCF-chT3W 2223 (4NCL)"]
[Site "England"]
[Date "2023.03.19"]
[Round "8.16"]
[White "Brooks, Phil J"]
[Black "Taylor, William J"]
[Result "1/2-1/2"]
[WhiteElo "2125"]
[BlackElo "2054"]
[PlyCount "68"]
[EventDate "2022.10.22"]
[EventType "team-tourn"]
[EventRounds "11"]
[EventCountry "ENG"]
[SourceTitle "EXT 2024"]
[Source "ChessBase"]
[SourceDate "2023.10.10"]
[SourceVersion "1"]
[SourceVersionDate "2023.10.10"]
[SourceQuality "1"]
[WhiteTeam "Warwicks Select"]
[BlackTeam "West is Best II"]
[WhiteTeamCountry "ENG"]
[BlackTeamCountry "WLS"]

1. d4 d5 2. c4 e6 3. Nc3 Nf6 4. cxd5 exd5 5. Bg5 c6 6. e3 h6 7. Bh4 Be7 8. Bd3 0-0 9. Qc2 Re8 10. Nge2 Nbd7 11. 0-0 a5 12. Rad1 b5 13. Rfe1 Ba6 14. f3 Qb6 15. Bf2 b4 16. Na4 Bxd3 17. Qxd3 Qb5 18. b3 Rac8 19. Qf5 g6 20. Qb1 Rf8 21. Nf4 Nb6 22. Nxb6 Qxb6 23. Nd3 Qb5 24. Rc1 Rc7 25. Qc2 Bd6 26. Bg3 Bxg3 27. hxg3 Nd7 28. Kf2 c5 29. dxc5 Nxc5 30. Nxc5 Rxc5 31. Qe2 a4 32. Rxc5 Qxc5 33. Qd2 axb3 34. axb3 Rc8 1/2-1/2

[Event "London Mindsports-C"]
[Site "London"]
[Date "2023.02.18"]
[Round "6"]
[White "Taylor, William J"]
[Black "Watson, Jacob"]
[Result "1-0"]
[WhiteElo "1946"]
[BlackElo "1889"]
[PlyCount "167"]
[EventDate "2023.02.15"]
[EventType "tourn"]
[EventRounds "9"]
[EventCountry "ENG"]
[SourceTitle "CBM 213 Extra"]
[Source "ChessBase"]
[SourceDate "2023.05.31"]
[SourceVersion "1"]
[SourceVersionDate "2023.05.31"]
[SourceQuality "1"]

1. e4 c5 2. Nf3 Nc6 3. d4 cxd4 4. Nxd4 Nf6 5. Nc3 e5 6. Ndb5 d6 7. Bg5 a6 8. Na3 b5 9. Nd5 Be7 10. Bxf6 Bxf6 11. c4 b4 12. Nc2 Rb8 13. b3 0-0 14. g3 a5 15. Bg2 Bg5 16. 0-0 Be6 17. Qd3 Bxd5 18. Qxd5 Qb6 19. Rad1 Rfd8 20. Kh1 Ne7 21. Qd3 Ng6 22. h4 Bh6 23. h5 Nf8 24. Bh3 Ne6 25. Bxe6 fxe6 26. Qe2 Rf8 27. Kg2 Qc6 28. Rd3 Rbd8 29. Rfd1 Qc5 30. Ne3 Rf7 31. Qb2 Bxe3 32. Rxe3 Rdf8 33. Re2 Rf3 34. Qd2 h6 35. Qe1 Qc7 36. Rdd2 Qf7 37. Rxd6 Qxh5 38. Rxe6 Rd3 39. Rd2 Qf3+ 40. Kg1 Rxd2 41. Qxd2 Qxe4 42. Re7 Qb1+ 43. Kg2 Qe4+ 44. Kg1 Qb1+ 45. Kh2 Qf1 46. Qd5+ Kh8 47. Rf7 Rxf7 48. Qxf7 Qe2 49. Qf8+ Kh7 50. Qf5+ g6 51. Qf7+ Kh8 52. Qf6+ Kh7 53. Kg2 e4 54. c5 h5 55. c6 Qc2 56. Qf7+ Kh6 57. Qf4+ Kg7 58. Qe5+ Kf7 59. Qd5+ Kf6 60. Qd8+ Kf7 61. Qd7+ Kf6 62. Kh3 Qxf2 63. Qd6+ Kg7 64. Qe5+ Kh7 65. Qxe4 Qf1+ 66. Kh2 Qf2+ 67. Qg2 Qb6 68. Qc2 Qc7 69. Qc4 Kg7 70. Qb5 Kh6 71. Qb7 Qe5 72. c7 h4 73. c8Q Qxg3+ 74. Kh1 Qe1+ 75. Kg2 Qe2+ 76. Kh3 Qe3+ 77. Kxh4 g5+ 78. Kg4 Qf4+ 79. Kh3 Qe3+ 80. Kg2 Qe2+ 81. Kg3 Qe3+ 82. Qf3 Qg1+ 83. Kh3 Qe1 84. Qh8+ 1-0

[Event "Kingston 1st"]
[Site "Kingston Upon Thames"]
[Date "2022.07.20"]
[Round "2"]
[White "Taylor, William J"]
[Black "Kalaiyalahan, Akshaya"]
[Result "1/2-1/2"]
[WhiteElo "1959"]
[BlackElo "2158"]
[PlyCount "68"]
[EventDate "2022.07.19"]
[EventType "tourn"]
[EventRounds "9"]
[EventCountry "ENG"]
[SourceTitle "EXT 2024"]
[Source "ChessBase"]
[SourceDate "2023.10.10"]
[SourceVersion "1"]
[SourceVersionDate "2023.10.10"]
[SourceQuality "1"]

1. e4 c5 2. Nf3 e6 3. c3 Nf6 4. e5 Nd5 5. d4 cxd4 6. cxd4 d6 7. Nc3 dxe5 8. Nxe5 Bb4 9. Bb5+ Bd7 10. Nxd7 Nxd7 11. Bd2 0-0 12. Nxd5 Bxd2+ 13. Qxd2 exd5 14. 0-0 Nf6 15. Bd3 Qb6 16. Rac1 Ne4 17. Bxe4 dxe4 18. Rc5 Rad8 19. Qc3 Qd6 20. Rc7 Rd7 21. Rc1 Rxc7 22. Qxc7 Qxd4 23. Qxb7 e3 24. Qf3 Qxb2 25. Qxe3 Qxa2 26. Qd4 a5 27. Ra1 Qe2 28. Qc3 a4 29. Qa5 Re8 30. h3 Qc4 31. Rxa4 Qc1+ 32. Kh2 h6 33. Qf5 Qc7+ 34. Qf4 Qxf4+ 1/2-1/2

[Event "BCF-chT3Sb 1920 (4NCL)"]
[Site "England"]
[Date "2020.02.09"]
[Round "6.51"]
[White "Robertson, J Stuart"]
[Black "Taylor, William J"]
[Result "1-0"]
[WhiteElo "2157"]
[BlackElo "1959"]
[PlyCount "89"]
[EventDate "2019.11.09"]
[EventType "team-tourn"]
[EventRounds "11"]
[EventCountry "ENG"]
[SourceTitle "EXT 2023"]
[Source "ChessBase"]
[SourceDate "2022.10.05"]
[SourceVersion "1"]
[SourceVersionDate "2022.10.05"]
[SourceQuality "1"]
[WhiteTeam "Cambridge University II"]
[BlackTeam "West is Best II"]
[WhiteTeamCountry "ENG"]
[BlackTeamCountry "WLS"]

1. d4 Nf6 2. c4 g6 3. Nc3 Bg7 4. e4 d6 5. f3 0-0 6. Be3 c5 7. Nge2 Nc6 8. d5 Ne5 9. Ng3 h5 10. Be2 e6 11. 0-0 exd5 12. cxd5 a6 13. a4 Bd7 14. h3 b5 15. f4 Nc4 16. Bxc4 bxc4 17. e5 Re8 18. Qf3 Qe7 19. exf6 Qxe3+ 20. Qxe3 Rxe3 21. Kf2 Rxg3 22. Kxg3 Bxf6 23. Rf2 Bf5 24. Re1 Rb8 25. Ne4 Rb3+ 26. Rf3 Bxe4 27. Rxe4 Rxb2 28. Rxc4 Rd2 29. Rb3 Rxd5 30. Kf3 Rd1 31. Rb6 Be7 32. Re4 Bf6 33. Rxa6 d5 34. Re2 Kg7 35. Ra2 c4 36. Rc6 Bd4 37. Rd6 Bc5 38. Rd7 Kf8 39. a5 f5 40. g3 Rd3+ 41. Kg2 c3 42. a6 d4 43. a7 Bxa7 44. Raxa7 c2 45. Ra8# 1-0

[Event "BCF-chT3Sb 1920 (4NCL)"]
[Site "England"]
[Date "2020.01.11"]
[Round "3.55"]
[White "Cole, James"]
[Black "Taylor, William J"]
[Result "0-1"]
[WhiteElo "2042"]
[BlackElo "1959"]
[PlyCount "102"]
[EventDate "2019.11.09"]
[EventType "team-tourn"]
[EventRounds "11"]
[EventCountry "ENG"]
[SourceTitle "EXT 2023"]
[Source "ChessBase"]
[SourceDate "2022.10.05"]
[SourceVersion "1"]
[SourceVersionDate "2022.10.05"]
[SourceQuality "1"]
[WhiteTeam "Oxford II"]
[BlackTeam "West is Best II"]
[WhiteTeamCountry "ENG"]
[BlackTeamCountry "WLS"]

1. e4 e5 2. Nf3 Nf6 3. Nxe5 d6 4. Nf3 Nxe4 5. d4 d5 6. Bd3 Bd6 7. 0-0 0-0 8. c4 c6 9. Nc3 Nxc3 10. bxc3 dxc4 11. Bxc4 Bf5 12. a4 Nd7 13. h3 h6 14. Re1 Qc7 15. Nh4 Bh7 16. Qf3 Nb6 17. Bb3 Rae8 18. Bd2 Qd7 19. Qg4 Be7 20. Qxd7 Nxd7 21. Nf3 Bd6 22. Be3 Re7 23. Nd2 Rfe8 24. Nc4 Bf4 25. g3 Bxe3 26. Rxe3 Kf8 27. Rae1 Rxe3 28. Rxe3 Rxe3 29. fxe3 Bf5 30. Nd6 Bxh3 31. Nxb7 Nf6 32. Nd8 Bd7 33. Nxf7 Ng4 34. e4 Ke7 35. e5 Be6 36. Bxe6 Kxe6 37. Nd6 Ne3 38. a5 Nd1 39. Ne8 g6 40. c4 Ne3 41. Nc7+ Kd7 42. Na6 Nxc4 43. Nc5+ Ke7 44. a6 Ne3 45. Kf2 Nc2 46. Ke2 Nxd4+ 47. Kd3 Ne6 48. Ne4 h5 49. Kc4 g5 50. Nf6 h4 51. gxh4 gxh4 0-1

[Event "London Classic op 11th"]
[Site "London"]
[Date "2019.12.02"]
[Round "5"]
[White "Saravanan, Aadarsh"]
[Black "Taylor, William J"]
[Result "0-1"]
[WhiteElo "1711"]
[BlackElo "1993"]
[PlyCount "110"]
[EventDate "2019.11.29"]
[EventType "swiss"]
[EventRounds "9"]
[EventCountry "ENG"]
[SourceTitle "CBM 193 Extra"]
[Source "ChessBase"]
[SourceDate "2020.01.31"]
[SourceVersion "1"]
[SourceVersionDate "2020.01.31"]
[SourceQuality "1"]

1. d4 Nf6 2. c4 g6 3. Nc3 Bg7 4. e4 d6 5. f3 0-0 6. Be3 c5 7. Nge2 Nc6 8. Qd2 Qa5 9. Rd1 a6 10. d5 Ne5 11. Nc1 Bd7 12. b3 b5 13. Nd3 b4 14. Nb1 Nxd3+ 15. Bxd3 Qb6 16. Bh6 a5 17. Bxg7 Kxg7 18. 0-0 a4 19. Qb2 axb3 20. axb3 Ra5 21. e5 dxe5 22. Qxe5 Qd6 23. Rfe1 Qxe5 24. Rxe5 e6 25. dxe6 Bxe6 26. Ree1 Ra2 27. Re2 Ra1 28. Rde1 Rd8 29. Bc2 Ng8 30. Kf2 Ne7 31. Nd2 Ra2 32. Ne4 Nf5 33. Bd1 Ra5 34. Rb2 h6 35. h3 Nd4 36. Be2 f5 37. Nd2 g5 38. Reb1 f4 39. Ne4 Bf5 40. Rd1 Bxe4 41. fxe4 Re8 42. Bf3 Ra3 43. Rd3 Kf6 44. Rb1 Ra2+ 45. Ke1 Ke5 46. Rd2 Rea8 47. Rd3 Rc2 48. Bd1 Rxg2 49. Bf3 Nxf3+ 50. Rxf3 Kxe4 51. Rf2 Rxf2 52. Kxf2 Ra2+ 53. Kg1 Kf3 54. Rd1 Kg3 55. Rd3+ f3 0-1

[Event "BCF-chT3Sb 1920 (4NCL)"]
[Site "England"]
[Date "2019.11.09"]
[Round "1.52"]
[White "Jermy, Jaden"]
[Black "Taylor, William J"]
[Result "1/2-1/2"]
[WhiteElo "2087"]
[BlackElo "1959"]
[PlyCount "47"]
[EventDate "2019.11.09"]
[EventType "team-tourn"]
[EventRounds "11"]
[EventCountry "ENG"]
[SourceTitle "EXT 2023"]
[Source "ChessBase"]
[SourceDate "2022.10.05"]
[SourceVersion "1"]
[SourceVersionDate "2022.10.05"]
[SourceQuality "1"]
[WhiteTeam "Iceni"]
[BlackTeam "West is Best II"]
[WhiteTeamCountry "ENG"]
[BlackTeamCountry "WLS"]

1. d4 Nf6 2. Nf3 g6 3. c4 Bg7 4. g3 0-0 5. Bg2 d6 6. 0-0 Nc6 7. h3 a6 8. Nc3 Rb8 9. d5 Na5 10. Qd3 c5 11. dxc6 Nxc6 12. Be3 Bf5 13. Qd2 Ne4 14. Nxe4 Bxe4 15. Bh6 Bxh6 16. Qxh6 Bxf3 17. exf3 b5 18. cxb5 Rxb5 19. Qd2 e6 20. Rfd1 d5 21. Rac1 Qd6 22. f4 Rfb8 23. b3 Rb4 24. Qc3 1/2-1/2

[Event "GBR-ch Major 106th"]
[Site "Torquay"]
[Date "2019.08.01"]
[Round "6"]
[White "Taylor, William J"]
[Black "Modi, Kishan Jagdish"]
[Result "1-0"]
[WhiteElo "2062"]
[BlackElo "1923"]
[PlyCount "89"]
[EventDate "2019.07.27"]
[EventType "swiss"]
[EventRounds "9"]
[EventCountry "ENG"]
[SourceTitle "EXT 2020"]
[Source "ChessBase"]
[SourceDate "2019.10.17"]
[SourceVersion "1"]
[SourceVersionDate "2019.10.17"]
[SourceQuality "1"]

1. e4 c5 2. Nf3 d6 3. d4 cxd4 4. Nxd4 Nf6 5. Nc3 g6 6. Be2 Bg7 7. Be3 0-0 8. Qd2 Nc6 9. 0-0-0 Bd7 10. f3 Rc8 11. g4 Ne5 12. h4 h5 13. gxh5 Nxh5 14. Rhg1 Nc4 15. Bxc4 Rxc4 16. Rg5 Bf6 17. Rxh5 gxh5 18. Rg1+ Kh7 19. Qd3 Rxc3 20. bxc3 e5 21. Nf5 Bxf5 22. exf5 Qa5 23. Bg5 Qxa2 24. Kd2 Bxg5+ 25. hxg5 Qa6 26. Qxa6 bxa6 27. Rh1 Kg7 28. Rxh5 a5 29. c4 Rc8 30. Kd3 a4 31. Rh1 Rc6 32. Ra1 Ra6 33. Kc3 Kh7 34. Rh1+ Kg7 35. Ra1 Kh7 36. Ra3 Rc6 37. Rxa4 d5 38. Kd3 dxc4+ 39. Rxc4 Ra6 40. Rc7 Kg8 41. Ke4 Ra3 42. c3 Ra5 43. c4 f6 44. gxf6 Ra4 45. Kxe5 1-0